000 00350 a2200157 4500
001 150996
040 _cEscola São Tomás de Aquino
100 _aBELINKY, Tatiana
240 1 0 _aQuem cada,casa?
_lpor
245 1 0 _aQuem cada,casa?
300 _a48
362 0 _a1992
440 1 _aLetras & letras
697 _a*LITERATURA JUVENIL
942 _cBK
999 _c150996
_d150996